01191 a2200229 4500003000500000005001700005010001600022020002900038040000900067082001200076100002900088245007600117260003800193300002700231505038200258651005800640651005400698651005700752942001200809999001900821952012100840Nust20230213124829.0 a 75000963 a0679505636 :a0679302875 cNust00a973,SHA1 aSharkansky, Ira.910900914aThe United States :ba study of a developing country /cIra Sharkansky. aNew York :bD. McKay Co.,c[1975] axiii, 187 p. ;c22 cm. aWhy we Should View the United States as a Developing Country (Page-1), How Developed is the United States (Page-19), Less-Developed States and Countries (Page-38), Less-Developed Urban Sectors (Page-71), Racial Dualism (Page-98), Economic Growth Threat to Society or Engine of Social Progress (Page-131), Why Should we View the United States as a Developing Country (Page-162). 0aUnited StatesxEconomic conditionsy1971-1981.994661 0aUnited StatesxEconomic policyy1971-1981.994662 0aUnited StatesxSocial conditionsy1960-1980.9104738 2ddccBK c187587d187587 00102ddc4070aMCSbMCScGENd2016-12-12o973,SHApMCS21542r2016-12-08w2016-12-12yBKzAlmirah No.62, Shelf No.6